<?xml version="1.0" encoding="UTF-8"?>
<collection xmlns="http://www.loc.gov/MARC21/slim">
 <record>
  <leader>01424nam a2200193Ia 4500</leader>
  <controlfield tag="001">CTU_16595</controlfield>
  <controlfield tag="008">210402s9999    xx            000 0 und d</controlfield>
  <datafield tag="082" ind1=" " ind2=" ">
   <subfield code="a">915.97</subfield>
  </datafield>
  <datafield tag="082" ind1=" " ind2=" ">
   <subfield code="b">Th455</subfield>
  </datafield>
  <datafield tag="100" ind1=" " ind2=" ">
   <subfield code="a">Trần Đại Vinh</subfield>
  </datafield>
  <datafield tag="245" ind1=" " ind2="0">
   <subfield code="a">Danh lam xứ Huế</subfield>
  </datafield>
  <datafield tag="245" ind1=" " ind2="0">
   <subfield code="b">= The celebrated pagodas of Hue = Les Célèbres pagodes de Hue</subfield>
  </datafield>
  <datafield tag="245" ind1=" " ind2="0">
   <subfield code="c">Trần Đại Vinh, Lê Văn Sách, Nguyễn Hữu Thông</subfield>
  </datafield>
  <datafield tag="260" ind1=" " ind2=" ">
   <subfield code="a">Hà Nội</subfield>
  </datafield>
  <datafield tag="260" ind1=" " ind2=" ">
   <subfield code="b">Hội Nhà Văn</subfield>
  </datafield>
  <datafield tag="260" ind1=" " ind2=" ">
   <subfield code="c">1993</subfield>
  </datafield>
  <datafield tag="520" ind1=" " ind2=" ">
   <subfield code="a">Đây là công trình nghiên cứu về kiến trúc chùa chiền và Phật Giáo ở Huế. Đất không rộng, người không đông, nhưng chưa có một vùng đất nào có mật độ chùa cao như ở Huế. Hằng trăm ngôi chùa lớn nhỏ đã được tạo ra và phát triển. Mỗi ngôi chùa với nguồn gốc và thời điểm xây dựng khác nhau từ kiến trúc, khuôn viên, trang trí, cứ trải ra, làm nên sắc thái văn hoá độc đáo cho một vùng đất, góp phần quan trọng làm nên văn hoá Huế. Sách được minh họa bằng 72 trang ảnh màu của 28 ngôi chùa tiêu biểu ở Huế</subfield>
  </datafield>
  <datafield tag="650" ind1=" " ind2=" ">
   <subfield code="a">vietnam - description and travel</subfield>
  </datafield>
  <datafield tag="980" ind1=" " ind2=" ">
   <subfield code="a">Trung tâm Học liệu Trường Đại học Cần Thơ</subfield>
  </datafield>
 </record>
</collection>
